000 00478nam a22001817a 4500
005 20260530163854.0
008 260530b |||||||| |||| 00| 0 eng d
020 _a9783111270258
_c3736.15
040 _aMAIN
041 _aGerman
082 _a304.8
_bEZL
100 _aEzli, Ozkan
_926972
245 _aNarrative Der Migration
_b: Eine andere deutsche Kulturgeschichte
260 _aBerlin
_bDe Gruyter
_c2023
300 _a761
650 _aGerman Language
942 _cBK
999 _c60944
_d60944